Nové způsoby odstraňování odpadů Pneumatická doprava

Na minha lista:
Detalhes bibliográficos
Autor principal: Soukup, Josef
Formato: Livro
Idioma:tcheco
Publicado em: Praha Výzkumný ústav výstavby a arch. 1990
Edição:1. vyd.
Tags: Adicionar Tag
Sem tags, seja o primeiro a adicionar uma tag!

MARC

LEADER 00000nam a2200000 4500
001 c028131
005 20221215120300.3
041 0 |a cze 
044 |a CZ 
245 1 0 |a Nové způsoby odstraňování odpadů  |b Pneumatická doprava  |c Josef Soukup 
250 |a 1. vyd. 
264 1 |a Praha  |b Výzkumný ústav výstavby a arch.  |c 1990 
300 |a 133 s. 
100 1 |a Soukup, Josef